Jurassic World: Camp Cretaceous Named Dinosaurs - Statistics

General Stats
  • This quiz has been taken 58 times
  • The average score is 13 of 17
Answer Stats
Species Answer % Correct
Carnotaurus Toro
100%
Ankylosaurus Bumpy
95%
Blue
90%
Big Eatie
86%
Little Eatie
83%
Spinoceratops Angel
79%
Rebel
79%
Velociraptor Delta
76%
Echo
74%
Grim
74%
Baryonyx Chaos
71%
Kentrosaurus Pierce
71%
Charlie
69%
Brachiosaurus Firecracker
67%
Limbo
67%
Tyrannosaurus Rex Rexy
67%
Sinoceratops Maria
26%
No matching quizzes found
Score Distribution
Percent of People with Each Score
Percentile by Number Answered
Your Score History
You have not taken this quiz